| 000 | 01052cam a2200289 i 4500 | ||
|---|---|---|---|
| 001 | 3167081 | ||
| 003 | ARRUPE | ||
| 005 | 20131009171052.0 | ||
| 008 | 750811s1974 enk 000 0 eng | ||
| 010 | _a 75321456 | ||
| 015 | _aGB75-10459 | ||
| 020 |
_a0722075448 : _c£1.25 |
||
| 040 |
_aDLC _cDLC _dDLC |
||
| 041 | 1 | _aengenm | |
| 050 | 0 | 0 |
_aBV5080 _b.J83.R32 1974 |
| 100 | 0 |
_aJulian, _cof Norwich, _d1343- _92373 |
|
| 240 | 1 | 0 | _aRevelations of divine love |
| 245 | 1 | 2 |
_aA shewing of God's love / _cJulian of Norwich ; edited by Anna Maria Reynolds. |
| 260 |
_aLondon : _bSheed and Ward, _c1974. |
||
| 300 |
_alviii, 99 p. ; _c20 cm. |
||
| 490 | 0 | _aSpiritual masters | |
| 500 | _a"This edition of the shorter version of the Revelations ... has been prepared from the unique fifteenth-century text as contained in British Museum Additional MS. 37790." | ||
| 650 | 0 |
_aDevotional literature, English (Middle) _92374 |
|
| 700 | 1 |
_aReynolds, Anna Maria. _92375 |
|
| 906 |
_a7 _bcbc _corignew _d3 _encip _f19 _gy-gencatlg |
||
| 942 |
_2lcc _cMONOGRAPH |
||
| 999 |
_c118308 _d118308 |
||